00530 2200181 4500001002100000005001700021008004100038035002400079090001900103100002300122245003800145260007000183300001900253650003300272850001500305980001300320999001500333YOGYA-0209000006082220090227035839.0 ind  0010-020900000060822 a899.221bYas M aYASADIPURA I, R.Ng aMenak SarehascR.Ng. Yasadipura I aJakartabProyek Penerbitan Buku Sastra Indonesia dan Daerahc1982 a195 hlmc21 cm aKesusasteraan Jawa - Tembang aYOPDYOG(B) a18-09-08 aa000062031